000 01346naa a22003377a 4500
001 BR8802978
003 BR-BrBNA
005 20240918180017.0
007 ta
008 230509b bl.||||| |||| 00| 0 por d
040 _aBR-BrBNA
_bpor
_cBiblioteca Nacional de Agricultura
041 _a(Pt)
072 _aP40
_b/G514
_b/GZ35
090 _aP40 BR8802978
100 1 _aFrank, B.
100 1 _aSilva, H. dos S.
100 1 _aLoesch, C.
100 1 _aCordero, A.
111 1 _a1. Congresso Interamericano de Meteorologia; 4. Congresso Brasileiro de Meteorologia
_cBrasilia, DF (Brazil)
_d20-24 Oct 1986
245 1 _aProjeto crise - uma tentativa de reduzir o problema das enchentes no Vale do Itajai [Santa Catarina]
260 3 _aBelo Horizonte, MG (Brazl):
_c1986.
500 _aAnais do 1. Congresso Interamericano de Meteorologia e 4. Congresso Brasileiro de Meteorologia Belo Horizonte, MG (Brazl): 1986. v. 2 p. 263-267 (BR8802978-AM)P40
650 _aENCHENTE
650 _aVAZAO
650 _aPRECIPITACAO PLUVIAL
650 _aBACIA HIDROGRAFICA
650 _aSANTA CATARINA
773 0 _tAnais do 1. Congresso Interamericano de Meteorologia e 4. Congresso Brasileiro de Meteorologia
_wP40 BR8802978
_gBelo Horizonte, MG (Brazl), 1986. v. 2 p. 263-267
909 _a202404
_bLucia
_c55
_dLucia Elande
942 _cAM
_2AGRIS
999 _c319178
_d319178